000
00234 a2200097 4500
001
45937
100
_a
Philip G
245
_a
Mechanics and thermodynamics of propulsion
260
_a
London
_b
Addison Wesley
_c
090
_c
29055
_d
29055
942
_a
NUST-CAE
_c
M
_c
21175
999
_c
281010
_d
281010